| 000 -CABECERA |
| Longitud fija campo de control |
00669nam a22002057a 4500 |
| 003 - IDENTIFICADOR DEL NÚMERO DE CONTROL |
| Identificador del número de control |
OSt |
| 005 - FECHA Y HORA DE LA ÚLTIMA TRANSACCIÓN |
| Fecha y hora de la última transacción |
20211116102236.0 |
| 008 - CÓDIGOS DE INFORMACIÓN DE LONGITUD FIJA |
| Códigos de información de longitud fija |
211021b ||||| |||| 00| 0 eng d |
| 020 ## - NÚMERO INTERNACIONAL NORMALIZADO PARA LIBROS |
| Número Internacional Normalizado para Libros (ISBN) |
9788441544321 |
| 040 ## - FUENTE DE LA CATALOGACIÓN |
| Centro catalogador de origen |
CDMR |
| Lengua de catalogación |
cat |
| Centro transcriptor |
0 |
| 100 ## - PUNTO DE ACCESO PRINCIPAL-NOMBRE DE PERSONA |
| 9 (RLIN) |
4685 |
| Nombre de persona |
Rubio, Fernando |
| 245 ## - MENCIÓN DE TÍTULO |
| Título |
Curso práctico de Google Data Studio |
| Resto del título |
: guía interactiva para crear informes personalizados y creativos |
| Mención de responsabilidad, etc. |
/ Fernando Rubio |
| 260 ## - PUBLICACIÓN, DISTRIBUCIÓN, ETC. (PIE DE IMPRENTA) |
| Lugar de publicación, distribución, etc. |
Madrid |
| Nombre del editor, distribuidor, etc. |
: Anaya |
| Fecha de publicación, distribución, etc. |
, 2021 |
| 300 ## - DESCRIPCIÓN FÍSICA |
| Extensión |
344 pàgines |
| Otras características físicas |
: il·lustracions i gràfiques |
| Dimensiones |
; 24 cm |
| 490 ## - MENCIÓN DE SERIE |
| Mención de serie |
Social Business |
| 650 #0 - PUNTO DE ACCESO ADICIONAL DE MATERIA - TÉRMINO DE MATERIA |
| 9 (RLIN) |
4686 |
| Término de materia o nombre geográfico como elemento inicial |
Google Data Studio |
| 650 #0 - PUNTO DE ACCESO ADICIONAL DE MATERIA - TÉRMINO DE MATERIA |
| 9 (RLIN) |
4608 |
| Término de materia o nombre geográfico como elemento inicial |
Infografia |
| 650 #0 - PUNTO DE ACCESO ADICIONAL DE MATERIA - TÉRMINO DE MATERIA |
| 9 (RLIN) |
4688 |
| Término de materia o nombre geográfico como elemento inicial |
Analítica visual |
| 942 ## - ENTRADA DE ELEMENTOS AGREGADOS (KOHA) |
| Fuente de clasificaión o esquema |
|
| Koha [por defecto] tipo de item |
Monografies |